000 00288 a2200145 4500
001 164060
020 _a
040 _cMagnum
100 _aFreire, Madalena
240 1 0 _aPaixao de aprender
_lpor
245 1 0 _aPaixao de aprender
362 0 _a1899
697 _aENSINO
942 _cBK
999 _c164060
_d164060